000 00498pam a2200193 a 4500
020 _a8180614174
_c395
041 _aeng
_hNULL
082 _a616.0757
_bRED
100 _aREDDY, J .
245 _aSTEP BY STEP MRI ( WITH CD ) /
_cNULL.
_hTextual Documents
260 _aNULL :
_bJAYPEE BROTHERS MEDICAL PUB. ,
_c2005.
300 _a286 :
_bx ;
_cNULL .
365 _a395
700 _a,.
_aPRASAD, V .
907 _a4224
930 _a1183
999 _c795719
_d795719
650 _aGEN.MEDICINE